Welcome to the Holygrace Academy Library

Please use search bar below to get started

SUBMARINES (Record no. 6237)

MARC details
000 -LEADER
fixed length control field 00270nam a22001337a 4500
020 ## - INTERNATIONAL STANDARD BOOK NUMBER
ISBN 0863133509
082 ## - DEWEY DECIMAL CLASSIFICATION NUMBER
Classification number 001
Item number NOR/S
100 ## - MAIN ENTRY--AUTHOR NAME
Personal name NORMAN, C J
245 ## - TITLE STATEMENT
Title SUBMARINES
260 ## - PUBLICATION, DISTRIBUTION, ETC. (IMPRINT)
Place of publication LONDON
Name of publisher FRANKLIN WATTS LTD
300 ## - PHYSICAL DESCRIPTION
Number of Pages 32
650 ## - SUBJECT ADDED ENTRY--TOPICAL TERM
Topical Term GK
Geographic subdivision LONDON
942 ## - ADDED ENTRY ELEMENTS (KOHA)
Koha item type Books
Holdings
Withdrawn status Lost status Collection code Home library Current library Shelving location Date acquired Source of acquisition Full call number Accession Number Koha item type
    G.K Main Library Main Library SHELF-17E-SCIENCE RELATED BOOKS 11/03/2002 PURCHASE 001 NOR/S 01284 Books
    G.K Main Library Main Library SHELF-17E-SCIENCE RELATED BOOKS 10/10/2006 PURCHASE 001 NOR/S 01637 Books